On China

Saved in:
Bibliographic Details
Main Author: Kissinger, Henry
Format: Book
Language:English
Published: New York <The> Penguin Press 2011
Edition:1st Edition
Subjects:
Tags: Add Tag
No Tags, Be the first to tag this record!

MARC

LEADER 00000nam a2200000 4500
001 0278963
005 20230109114725.6
020 |a 978-1-59420-271-1 
041 0 |a eng 
044 |a US 
245 1 0 |a On China  |c Henry Kissinger 
250 |a 1st Edition 
264 1 |a New York  |b <The> Penguin Press  |c 2011 
300 |a 586 s. 
610 2 0 |a vzťahy zahraničné 
610 2 0 |a politika medzinárodná 
610 2 0 |a politika zahraničná 
610 2 0 |a kríza 
610 2 0 |a história 
610 2 0 |a revolúcia 
610 2 0 |a diplomacia 
610 2 0 |a Čína 
100 1 |a Kissinger, Henry